The road map to software engineering: a standards-based guide : (IEEE Computer Society Software Engineering Standards Series)

Enregistré dans:
Détails bibliographiques
Auteur principal: Moore, James W (Auteur)
Format: Livre
Publié: New York, NY : Wiley, 2005
Tags: Ajouter un tag
Pas de tags, Soyez le premier à ajouter un tag!

MARC

LEADER 00000nam a22000003a 4500
001 stu172629
005 20220401153210.9
008 081014s2005----xxu---------------------d
020 |a 0471683620 
040 |a STU  |b slo 
041 0
044 |a xxu 
100 1 |a Moore, James W  |4 aut 
245 1 |a The road map to software engineering: a standards-based guide :  |b (IEEE Computer Society Software Engineering Standards Series) 
260 |a New York, NY :  |b Wiley,  |c 2005 
300 |a 440 s 
996 |b I24KN000126  |c I*20VS13438  |l II680  |s A  |a 24  |w stu172629_0001